skbl

Dr Suryya Kumar Bhuyan Library Web-OPAC
ডঃ সূৰ্য্য
কুমাৰ ভূঞা পুথিভঁৰাল ৱেব-অ'পেক

All Research Scholars are advised to clear the annual library fees to continue using Library Resources, Remote Access, Plagiarism Test and Library Clearance.

Cotton University Book Fair 2026

Psychological Foundations of Education / (Record no. 8559)

MARC details
000 -LEADER
fixed length control field 01133nam a2200445Ia 4500
001 - CONTROL NUMBER
control field 8572
005 - DATE AND TIME OF LATEST TRANSACTION
control field 20240113234120.0
007 - PHYSICAL DESCRIPTION FIXED FIELD--GENERAL INFORMATION
fixed length control field ta
008 - FIXED-LENGTH DATA ELEMENTS--GENERAL INFORMATION
fixed length control field 050720s1981 a g b000 u eng u
020 ## - INTERNATIONAL STANDARD BOOK NUMBER
Terms of availability HB
040 ## - CATALOGING SOURCE
Original cataloging agency Cotton College,Assam
041 ## - LANGUAGE CODE
Language code of text/sound track or separate title eng
082 ## - DEWEY DECIMAL CLASSIFICATION NUMBER
Classification number 370.15
Item number Da 196 Ps
100 ## - MAIN ENTRY--PERSONAL NAME
Personal name Dandekar, W.N..
245 #0 - TITLE STATEMENT
Title Psychological Foundations of Education /
Statement of responsibility, etc. W.N.Dandekar.
Medium Textual Documents
250 ## - EDITION STATEMENT
Edition statement 2nd ed. /
260 ## - PUBLICATION, DISTRIBUTION, ETC.
Place of publication, distribution, etc. Kolkata :
Name of publisher, distributor, etc. Macmillan India Ltd. ,
Date of publication, distribution, etc. 1981.
300 ## - PHYSICAL DESCRIPTION
Extent ix,489p. :
Other physical details ill. ;
Dimensions 22cm .
653 ## - INDEX TERM--UNCONTROLLED
Uncontrolled term Education-Psychological Foundations
653 ## - INDEX TERM--UNCONTROLLED
Uncontrolled term Psychological Foundations
653 ## - INDEX TERM--UNCONTROLLED
Uncontrolled term Educational Psychology
653 ## - INDEX TERM--UNCONTROLLED
Uncontrolled term PG-Education
653 ## - INDEX TERM--UNCONTROLLED
Uncontrolled term MS-Education
653 ## - INDEX TERM--UNCONTROLLED
Uncontrolled term G-Education
653 ## - INDEX TERM--UNCONTROLLED
Uncontrolled term T/G-Education
653 ## - INDEX TERM--UNCONTROLLED
Uncontrolled term T/G-Psychology
653 ## - INDEX TERM--UNCONTROLLED
Uncontrolled term T/G-Education
942 ## - ADDED ENTRY ELEMENTS (KOHA)
Source of classification or shelving scheme Dewey Decimal Classification
Koha item type Books
Holdings
Withdrawn status Lost status Damaged status Not for loan Collection Home library Current library Date acquired Coded location qualifier Total checkouts Full call number Barcode Date last seen Copy number Price effective from Koha item type
          Dr. Suryya Kumar Bhuyan Library Dr. Suryya Kumar Bhuyan Library 01/02/2012 00000   370.15 Da 196 Ps 87646 13/01/2024 6 01/02/2012 Books
          Dr. Suryya Kumar Bhuyan Library Dr. Suryya Kumar Bhuyan Library 01/02/2012 00000   370.15 Da 196 Ps 120/Edn 13/01/2024 3 01/02/2012 Books
          Dr. Suryya Kumar Bhuyan Library Dr. Suryya Kumar Bhuyan Library 01/02/2012 00000   370.15 Da 196 Ps 121/Edn 13/01/2024 2 01/02/2012 Books
          Dr. Suryya Kumar Bhuyan Library Dr. Suryya Kumar Bhuyan Library 01/02/2012 00000   370.15 Da 196 Ps 198/Edn 13/01/2024 1 01/02/2012 Books
          Dr. Suryya Kumar Bhuyan Library Dr. Suryya Kumar Bhuyan Library 01/02/2012 00000   370.15 Da 196 Ps 2301/Gift 13/01/2024 7 01/02/2012 Books
          Dr. Suryya Kumar Bhuyan Library Dr. Suryya Kumar Bhuyan Library 01/02/2012 00000   370.15 Da 196 Ps 353/EDN 13/01/2024 10 01/02/2012 Books
          Dr. Suryya Kumar Bhuyan Library Dr. Suryya Kumar Bhuyan Library 01/02/2012 00000   370.15 Da 196 Ps 651/Edn 13/01/2024 8 01/02/2012 Books
          Dr. Suryya Kumar Bhuyan Library Dr. Suryya Kumar Bhuyan Library 01/02/2012 00000   370.15 Da 196 Ps 652/Edn 13/01/2024 9 01/02/2012 Books
          Dr. Suryya Kumar Bhuyan Library Dr. Suryya Kumar Bhuyan Library 01/02/2012 00000   370.15 Da 196 Ps 87644 13/01/2024 4 01/02/2012 Books
          Dr. Suryya Kumar Bhuyan Library Dr. Suryya Kumar Bhuyan Library 01/02/2012 00000   370.15 Da 196 Ps 87645 13/01/2024 5 01/02/2012 Books

Designed and Maintained by Team SKBL
©1901-2026

Powered by Koha